000 06350cam a22018374i 4500
003 PE-LiUPU
005 20250813165541.0
008 190722s2019 sp a r 001 0 spa d
020 _a8417370366
020 _a9788417370367
035 _a(Sirsi) a252334
040 _aPE-LiUPU
_bspa
_cPE-LiUPU
_erda
041 1 _aspa
_heng
049 _aPRUA
082 0 4 _a612
_bC838f
_223
100 1 _aCostanzo, Linda S.
_eautor.
245 _aFisiología /
_cLinda S. Constanzo ; traducción de Juan Roberto Palacios Martínez, Israel Luna Martínez.
250 _aSéptima edición.
264 1 _aBarcelona :
_bWolters Kluwer,
_c2019.
300 _ax, 325 páginas :
_bilustraciones ;
_c26 centímetros.
336 _atext
_2rdacontent
337 _aunmediated
_2rdamedia
338 _avolume
_2rdacarrier
490 0 _a(RT Revisión de temas)
504 _aÍndice: páginas 299-325.
505 0 _aFisiología celular -- Membranas celulares -- Transporte a través de las membranas celulares -- Ósmosis -- Potencial de difusión, potencial de membrana en reposo y potencial de acción -- Transmisión neuromuscular y sináptica -- Músculo esquelético -- Músculo liso -- Comparación entre músculo esquelético, músculo liso y músculo cardiaco Autoevaluación Respuestas y explicaciones -- Neurofisiología -- Sistema nervioso autónomo (SNA) -- Organización del sistema nervioso -- Sistemas sensitivos -- Sistemas motores -- Funciones superiores de la corteza cerebral -- Barrera hematoencefálica y líquido cefalorraquídeo -- Regulación de la temperatura Autoevaluación Respuestas y explicaciones -- Fisiología Cardiovascular -- Sistema de circuitos del aparato cardiovascular -- Hemodinámica -- Electrofisiología cardiaca -- Músculo cardiaco y gasto cardiaco -- Ciclo cardiaco -- Regulación de la presión arterial -- Microcirculación y linfa -- Circulaciones especiales -- Funciones integradoras del aparato cardiovascular: gravedad, ejercicio y hemorragia Autoevaluación Respuestas y explicaciones -- Fisiología respiratoria -- Volúmenes y capacidades pulmonares -- Mecánica de la respiración -- Intercambio gaseoso -- Transporte de oxígeno -- Transporte de CO2 -- Circulación pulmonar -- Defectos de ventilación/perfusión -- Control de la respiración -- Respuestas integradas del aparato respiratorio Autoevaluación Respuestas y explicaciones -- Fisiología renal y equilibrio ácido-base -- Líquidos corporales -- Depuración renal, flujo sanguíneo renal y tasa de filtración glomerular -- Reabsorción y secreción -- Regulación del NaCl -- Regulación del K+ -- Regulación renal de urea, fosfato, calcio y magnesio -- Concentración y dilución de la orina -- Hormonas renales -- Equilibrio ácido-base -- Diuréticos XI. Ejemplos integradores Autoevaluación Respuestas y explicaciones -- Fisiología gastrointestinal -- Estructura e inervación del tubo gastrointestinal -- Sustancias reguladoras en el tubo GI -- Motilidad gastrointestinal -- Secreciones digestivas -- Digestión y absorción -- Fisiología del hígado Autoevaluación Respuestas y explicaciones -- Fisiología endocrina -- Generalidades: hormonas -- Mecanismos celulares y segundos mensajeros -- Hipófisis (glándula pituitaria) -- Glándula tiroides -- Corteza y médula suprarrenales -- Páncreas endocrino: glucagón e insulina.
526 _aP203
526 _aP200
526 _aSEG65
526 _aSEG64
526 _aSEG63
526 _aSEG62
526 _aSEG61
526 _aSEG60
526 _aSEG59
526 _aSEG58
526 _aSEG57
526 _aSEG56
526 _aSEG55
526 _aSEG54
526 _aSEG53
526 _aSEG52
526 _aSEG51
526 _aSEG50
526 _aSEG49
526 _aSEG48
526 _aSEG47
526 _aSEG46
526 _aSEG24
526 _aSEG23
526 _aSEG22
526 _aSEG21
526 _aSEG20
526 _aSEG19
526 _aSEG18
526 _aSEG17
526 _aSEG16
526 _aSEG14
526 _aSEG13
526 _aSEG12
526 _aSEG11
526 _aSEG10
526 _aSEG09
526 _aSEG06
526 _aSEG05
526 _aSEG04
526 _aSEG03
526 _aSEG02
526 _aSEG68
526 _aSEG66
526 _aSEG45
526 _aSEG25
526 _aSEG01
526 _aP163
526 _aP162
526 _aP161
526 _aP160
526 _aP159
526 _aP158
526 _aP157
526 _aP156
526 _aP155
526 _aP154
526 _aP153
526 _aP152
526 _aP151
526 _aP150
526 _aP149
526 _aP142
526 _aP141
526 _aP140
526 _aP139
526 _aP138
526 _aP137
526 _aP132
526 _aP131
526 _aP130
526 _aP126
526 _aP125
526 _aP124
526 _aP123
526 _aP115
526 _aP122
526 _aP121
526 _aP116
526 _a P114
526 _aP112
526 _aP111
526 _aP104
526 _aP103
526 _aP102
526 _aP101
526 _aP100
526 _aP96
526 _aP95
526 _aP93
526 _aP92
526 _aP91
526 _aP88
526 _aP83
526 _aP82
526 _aP79
526 _aP78
526 _aP75
526 _aP74
526 _aP71
526 _aP69
526 _a P51
526 _aP49
526 _aP48
526 _aP47
526 _aP33
526 _aP31
526 _a P30
526 _aP29
526 _aP27
526 _aP26
526 _aP25
526 _aP24
526 _a P22
526 _aP10
526 _aP09
526 _a P08
526 _aP06
526 _aP05
526 _aP04
526 _aP01
534 _pTítulo Original :
_tPhisiology.
650 1 7 _aFisiología
_xEstudio y enseñanza (Superior).
_2embne.
_9630
700 1 _aPalacios Martínez, Juan Roberto,
_eTraductor.
700 1 _aLuna Martínez, Israel,
_etraductor.
910 _abrg
942 _2ddc
_cBK
_n0
980 _81
_gALBERTO SANCHEZ Responsable de Automatización
999 _c31562
_d31562